000 00712nam a22002057a 4500
005 20120109161523.0
020 _a1405417021
020 _a9781405417020
082 _a909
100 _aGaneri, Anita
_942129
245 _aEncyclopedia of world history:
_bfrom the stone age to the 21st century /
_cby Anita Ganeri, Hazel Mary Martell, Brian Williams
260 _aBath, BAI, UK
_bParragon,
_c2006.
300 _a256p. :
_bill, photos (Col.)
_c28cm (Hb)
500 _aIncludes index
650 _aHistory
_zWorld
_942130
700 _aMartel, Hazel Mary
_938720
700 _aWilliams, Brian
_938721
942 _2ddc
_cCH
_h909
_mGAN
999 _c60553
_d60553